00329 a2200109 4500001001000000005001700010008004100027245004000068100002100108773007300129999001700202ART_4187420260410162024.0260409a 10aLaw & Economics y derecho comparado1 aDe Geest, Gerrit0 tJurisprudencia ArgentinagDerecho y economía (mayo 2006)wREV41622 c33352d33352